00696nam a2200169 a 4500001001000000005001700010008004100027050002100068100002200089245010100111260006500212300004600277500003500323600008800358650003300446650004700479BRCA_207020190320203645.0070808s2001----utua---###---#000-0#eng-# 4aND454b.M85 20011 aMuller, Sheila D.10aThe Val A. Browning CollectionbA Selection of Old Master Paintingscedited by Sheila D. Muller. aUtahbThe Utah Museum of Fine Arts, University of Utahc2001 axx, 200 p.bil. (algunas a color)c20 cm. aIncluye lista de ilustraciones14aBrowning, Val A.d1895-1994vCatálogosxColecciones de artezSalt Lake City, Utah14aPintura europeavCatálogos14aPinturavCatálogoszSalt Lake City, Utah